[Event "Canadian op"]
[Site "Quebec"]
[Date "1981.07.14"]
[Round "5"]
[White "Power, Gerry"]
[Black "Morin, Louis"]
[Result "0-1"]
[WhiteElo "1585"]
[BlackElo "1880"]
[PlyCount "70"]
[EventDate "1981.07.11"]
[EventType "tourn"]
[EventRounds "10"]
[EventCountry "CAN"]
[SourceTitle "EXT 2022"]
[Source "ChessBase"]
[SourceDate "2021.10.06"]
[SourceVersion "1"]
[SourceVersionDate "2021.10.06"]
[SourceQuality "1"]

1. e4 e5 2. Nf3 d6 3. d4 f5 4. dxe5 fxe4 5. Ng5 d5 6. e6 Nf6 7. Nf7 Qe7 8. Nxh8 Bxe6 9. Bg5 Nc6 10. Bxf6 Qxf6 11. Nc3 Bb4 12. Bb5 Bxc3+ 13. bxc3 Qxc3+ 14. Kf1 Ke7 15. Bxc6 bxc6 16. Rb1 d4 17. Qh5 d3 18. Qh4+ Kd7 19. Qxe4 dxc2 20. Rc1 Re8 21. Kg1 Bh3 22. Qxe8+ Kxe8 23. gxh3 Qxh3 24. Re1+ Kf8 25. f3 Qxf3 26. Rf1 Qxf1+ 27. Kxf1 c1Q+ 28. Kg2 Qxh1+ 29. Kxh1 Kg8 30. Ng6 hxg6 31. Kg2 Kf7 32. Kf3 Ke6 33. Ke4 g5 34. h3 c5 35. a4 a5 0-1